A cutting plane method for the team orienteering problem with pickups, deliveries, time windows and capacity constraints : [διπλωματική εργασία]
Αποθηκεύτηκε σε:
| Κύριος συγγραφέας: | |
|---|---|
| Συγγραφή απο Οργανισμό/Αρχή: | |
| Άλλοι συγγραφείς: | |
| Μορφή: | Thesis Βιβλίο |
| Γλώσσα: | English Greek |
| Δημοσίευση: |
2012
|
| Θέματα: | |
| Διαθέσιμο Online: | http://hdl.handle.net/11610/8358 |
| Ετικέτες: |
Προσθήκη ετικέτας
Δεν υπάρχουν, Καταχωρήστε ετικέτα πρώτοι!
|
MARC
| LEADER | 00000cam a2200000 i 4500 | ||
|---|---|---|---|
| 001 | 1/42619 | ||
| 008 | 140221s2012 eng d | ||
| 035 | |l 10116781 | ||
| 040 | |a GR-MY-UA |b gre |e aacr | ||
| 041 | 0 | |a eng |h gre | |
| 082 | 0 | |a 658.4034 |2 (22) | |
| 100 | 1 | |a Ταβλαρίδης - Γυπαράκης, Κωνσταντίνος. | |
| 245 | 1 | 2 | |a A cutting plane method for the team orienteering problem with pickups, deliveries, time windows and capacity constraints : |b [διπλωματική εργασία] / |c Ταβλαρίδης - Γυπαράκης Κωνσταντίνος ; επιβλέπων: Ιωάννης Μίνης |
| 260 | |c 2012 | ||
| 300 | |a 49 σ.; |b πίν., διαγρ.; |c 30 εκ | ||
| 502 | # | # | |a Πτυχιακή εργασία – Πανεπιστήμιο Αιγαίου, Χίος, 2012. |
| 504 | |a Περιλαμβάνει βιβλιογραφία | ||
| 650 | 0 | 0 | |a Operations research. |
| 650 | 0 | 0 | |a Linear programming. |
| 650 | 0 | 0 | |a Routing (Computer network management) |
| 650 | 0 | 0 | |a Dissertations, Academic |z Greece. |
| 700 | 1 | |a Μίνης, Ιωάννης. |4 ths | |
| 710 | 1 | |a Πανεπιστήμιο Αιγαίου Τμήμα Μηχανικών Οικονομίας και Διοίκησης - Τ.Μ.Ο.Δ. |b Σχολή Επιστημών της Διοίκησης. | |
| 852 | |a INST |b CHIOS |c DIATR |e 20140221 |h 658.4034 ΤΑΒ |p 005200036597 |q 005200036597 |t DIE |y 23 | ||
| 852 | |a INST |b CHIOS |c DIATR |e 20140221 |h 658.4034 ΤΑΒ |p 005200036598 |q 005200036598 |t DIE |y 23 | ||
| 856 | |u http://hdl.handle.net/11610/8358 | ||
| 901 | |a BIBL2-2014-1 | ||
| 909 | |a Χ |b 179733 | ||
| 909 | |a Χ |b 179734 | ||
| 924 | |a ΤΑΒΛΑΡΙΔΗΣ - ΓΥΠΑΡΑΚΗΣ |b ΚΩΝΣΤΑΝΤΙΝΟΣ |y ΧΙΟΣ |z 2012-08 | ||
| 970 | |a ΠΑΡΟΙΚΑΚΗ |b ΒΑΣΙΛΙΚΗ |z 2014/02/21 | ||